Statistics for Countries with the Most Conflict Related Fatalities

Click here to take the quiz!

General Stats

  • This quiz has been taken 63 times
  • The average score is 12 of 15

Answer Stats

DeathsCountry% Correct
23,539Afghanistan
96%
23,898Iraq
94%
49,742Syria
94%
1,565D.R. Congo
88%
5,575Somalia
86%
1,803Pakistan
84%
3,891Sudan
84%
4,684Nigeria
80%
1,375Yemen
80%
2,865Libya
78%
3,544South Sudan
78%
1,114Ethiopia
74%
1,707Egypt
72%
902Ukraine
66%
12,224Mexico
60%

Score Distribution

Percentile by Number Answered

Percent of People with Each Score

Your Score History

You have not taken this quiz